000
00334nam a22001337a 4500
008
180116b xxu||||| |||| 00| 0 eng d
020
_a
9780205006397
041
_a
eng
080
_a
32
100
_a
19
101
_a
POL
245
_a
State and local politics: Government by the people
_c
Magleby,D.B
942
_2
udc
_c
BK
999
_c
40367
_d
40367